Cage The Elephant - Cigarette Daydreams - Statistics

General Stats
  • This quiz has been taken 620 times
  • The average score is 136 of 174
Answer Stats
Answer % Correct
you
99%
You
99%
a
97%
I
97%
the
96%
day
95%
to
93%
can
92%
all
91%
In
91%
in
91%
we
91%
look
89%
me
89%
so
88%
So
88%
stand
88%
were
87%
for
86%
night
86%
rain
86%
rain.
86%
answer
85%
Looking
85%
looking
85%
pouring
85%
see
85%
find
82%
standing
82%
Standing
82%
alone
81%
drive
81%
Cigarette
80%
daydream
80%
only
80%
seventeen
80%
there
79%
and
78%
of
78%
next
77%
answers
76%
No
76%
out
76%
going
75%
Oh
74%
what's
74%
reason
73%
as
72%
As
72%
Did
72%
it
72%
your
71%
away
70%
clear
70%
down
70%
explain
70%
mind
70%
cannot
69%
my
68%
with
67%
face
65%
now
65%
peace
65%
stay
65%
wanna
65%
knees
64%
right
64%
somewhere
64%
that
64%
baby
63%
sweet
62%
behind
61%
brought
61%
else
61%
eyes
61%
nearly
61%
Hide
60%
Close
59%
place
59%
If
58%
sigh
58%
mean
56%
afraid
55%
change
55%
at
54%
recall
54%
time
51%
like
50%
how
49%
streak
48%
yesterday
48%
Funny
45%
followed
44%
into
44%
seems
44%
slipped
42%
things
40%
up
39%
hall
37%
Gathered
33%
No matching quizzes found
Score Distribution
Percent of People with Each Score
Percentile by Number Answered
Your Score History
You have not taken this quiz